<?xml version="1.0" encoding="UTF-8"?><?xml-stylesheet type="text/xsl" href="static/style.xsl"?><OAI-PMH xmlns="http://www.openarchives.org/OAI/2.0/" xmlns:xsi="http://www.w3.org/2001/XMLSchema-instance" xsi:schemaLocation="http://www.openarchives.org/OAI/2.0/ http://www.openarchives.org/OAI/2.0/OAI-PMH.xsd"><responseDate>2026-06-01T04:20:27Z</responseDate><request verb="GetRecord" identifier="oai:riuma.uma.es:10630/9199" metadataPrefix="marc">https://riuma.uma.es/rest/oai/request</request><GetRecord><record><header><identifier>oai:riuma.uma.es:10630/9199</identifier><datestamp>2026-02-03T12:51:51Z</datestamp><setSpec>com_10630_5701</setSpec><setSpec>com_10630_3139</setSpec><setSpec>com_10630_10</setSpec><setSpec>col_10630_8864</setSpec></header><metadata><record xmlns="http://www.loc.gov/MARC21/slim" xmlns:dcterms="http://purl.org/dc/terms/" xmlns:doc="http://www.lyncode.com/xoai" xmlns:xsi="http://www.w3.org/2001/XMLSchema-instance" xsi:schemaLocation="http://www.loc.gov/MARC21/slim http://www.loc.gov/standards/marcxml/schema/MARC21slim.xsd">
   <leader>00925njm 22002777a 4500</leader>
   <datafield ind2=" " ind1=" " tag="042">
      <subfield code="a">dc</subfield>
   </datafield>
   <datafield ind2=" " ind1=" " tag="720">
      <subfield code="a">Coloma Martín, Isidoro</subfield>
      <subfield code="e">author</subfield>
   </datafield>
   <datafield ind2=" " ind1=" " tag="260">
      <subfield code="c">1992</subfield>
   </datafield>
   <datafield ind2=" " ind1=" " tag="520">
      <subfield code="a">El presente texto se propone un proceso de referencia para el análisis de una obra pictórica. Utilizando como ejemplo y apoyo El Entierro del Conde de Orgaz de El Greco, el autor pretende conducir a un espectador no experimentado a través de algunos elementos del lenguaje plástico de la pintura por medio de un razonamiento lógico, coherente, y en la medida de lo posible objeto. El proceso de análisis dividido en tres fases: a) Documentación, b) Descripción y c) Análisis formal, se centra en este último realizando una lectura formal del cuadro y planteando una serie de problemas a resolver por un estudio iconológico que desborda el carácter iniciático del texto. En el conjunto del proceso se plantean los problemas de composición primaria, postura y actitudes de los personajes, colores principales o dominantes, carácter plástico dominante, espacio plástico, composición, movimiento y ritmo, y líneas de fuerza y de tensión.</subfield>
   </datafield>
   <datafield ind1="8" ind2=" " tag="024">
      <subfield code="a">Baetica 14, 1992, p. 7-23</subfield>
   </datafield>
   <datafield ind1="8" ind2=" " tag="024">
      <subfield code="a">0212-5099</subfield>
   </datafield>
   <datafield ind1="8" ind2=" " tag="024">
      <subfield code="a">http://hdl.handle.net/10630/9199</subfield>
   </datafield>
   <datafield tag="653" ind2=" " ind1=" ">
      <subfield code="a">Greco, El - Crítica e interpretación</subfield>
   </datafield>
   <datafield ind2="0" ind1="0" tag="245">
      <subfield code="a">Proceso de análisis de una obra pictórica: El Entierro del Conde de Orgaz de El Greco</subfield>
   </datafield>
</record>
</metadata></record></GetRecord></OAI-PMH>